Statistiken für Hauptstädte der Erde auf einer Karte

Klicken Sie hier um das Quiz zu spielen!

Allgemein

  • Dieses Quiz wurde 426 mal gespielt
  • Das Durchschnittsergebnis liegt bei 110 aus 200

Antworten auf der Karte

Die Antworten werden auf der Karte rot bzw. grün angezeigt, abhängig davon wie oft sie richtig erraten wurden.
 

Antwortstatistiken

Antwort% Korrekt
Berlin
89%
Paris
88%
Brüssel
87%
Madrid
87%
Mexiko-Stadt
87%
Washington D.C.
87%
Bern
86%
Brasília
86%
Lissabon
86%
London
86%
Moskau
86%
Dublin
85%
Kairo
85%
Luxemburg
85%
Rom
85%
Wien
85%
Amsterdam
84%
Oslo
84%
Prag
84%
Athen
83%
Helsinki
83%
Peking
83%
Stockholm
83%
Tokio
83%
Warschau
83%
Kopenhagen
82%
Ottawa
82%
Vatikanstadt
82%
Ankara
81%
Kiew
81%
Monaco
81%
Buenos Aires
80%
Budapest
79%
San Marino
79%
Seoul
79%
Canberra
78%
Minsk
78%
Reykjavík
78%
Bukarest
77%
Riga
77%
Tirana
77%
Zagreb
77%
Sofia
76%
Tallinn
76%
Vaduz
76%
Algier
75%
Neu-Delhi
75%
Vilnius
75%
Havanna
74%
Lima
74%
Tunis
74%
Belgrad
73%
Andorra la Vella
72%
Jerusalem
72%
Kapstadt
72%
Panama-Stadt
72%
Singapur
72%
Valletta
72%
Sarajevo
71%
Bratislava
70%
Bangkok
69%
Kabul
69%
Ljubljana
69%
Abu Dhabi
68%
Bogotá
68%
Jakarta
68%
Montevideo
68%
Santiago de Chile
67%
Teheran
67%
Caracas
66%
Wellington
66%
Bagdad
65%
Nikosia
65%
Chișinău
64%
Pjöngjang
64%
Rabat
64%
Riad
64%
Skopje
64%
Taipeh
64%
Guatemala-Stadt
63%
Hanoi
63%
Pristina
63%
Quito
63%
Baku
61%
Kingston
61%
Kingstown
61%
Kuwait-Stadt
61%
Podgorica
61%
Damaskus
60%
Doha
60%
Nassau
60%
Dakar
59%
San Salvador
59%
Kuala Lumpur
58%
Malé
58%
Manila
58%
Port-au-Prince
58%
Tiflis
58%
Dhaka
57%
Beirut
56%
Islamabad
56%
La Paz
56%
Nairobi
56%
San José
55%
Tripolis
54%
Asunción
53%
Dschibuti
53%
Pretoria
53%
Windhoek
53%
Santo Domingo
52%
Sucre
52%
Addis Abeba
51%
Freetown
51%
Kathmandu
51%
Luanda
51%
Georgetown
50%
Kinshasa
49%
Port of Spain
49%
Jerewan
48%
Sanaa
48%
Accra
47%
Amman
47%
Astana
46%
Maskat
45%
São Tomé
45%
Antananarivo
44%
Bissau
44%
Dili
44%
Manama
44%
Mogadischu
44%
Phnom Penh
44%
Bischkek
43%
Paramaribo
43%
Brazzaville
42%
Managua
42%
Sri Jayawardenepura Kotte
41%
Abuja
40%
Belmopan
40%
Khartum
40%
Taschkent
40%
Libreville
39%
Port Moresby
39%
Tegucigalpa
38%
Victoria
38%
Aşgabat
37%
Lomé
37%
Lusaka
37%
Port Louis
37%
Ulan Bator
37%
Bridgetown
36%
Harare
36%
Kampala
36%
Kigali
36%
Vientiane
36%
Lilongwe
35%
Maputo
35%
Asmara
34%
Duschanbe
34%
Juba
34%
Praia
34%
Bamako
33%
Bloemfontein
33%
Conakry
33%
Dodoma
33%
Niamey
33%
Ouagadougou
33%
Porto-Novo
33%
Saint John‘s
33%
St. George‘s
33%
Gaborone
32%
Thimphu
32%
Banjul
31%
Mbabane
31%
Monrovia
31%
N‘Djamena
31%
Suva
31%
Yamoussoukro
31%
Bandar Seri Begawan
30%
Roseau
30%
Nouakchott
28%
Bangui
27%
Gitega
27%
Malabo
26%
Maseru
26%
Moroni
26%
Apia
25%
Basseterre
25%
Castries
25%
Funafuti
25%
Naypyidaw
25%
Yaoundé
25%
Yaren
23%
Honiara
22%
Port Vila
22%
South Tarawa
21%
Ngerulmud
19%
Palikir
19%
Majuro
18%
Nuku‘alofa
18%
Cotonou
12%

Verteilung der Resultate

Perzentil nach korrekt beantworteten Fragen

Anzahl Personen mit jedem Resultat

Ihre Resultats-Entwicklung

Sie haben dieses Quiz noch nicht gespielt